Most Popular Burger Toppings - Statistics

General Stats
  • This quiz has been taken 149 times
  • The average score is 7 of 10
Answer Stats
Rank Topping % Correct
2 Onion
94%
3 Tomato
94%
4 Lettuce
91%
1 Ketchup
90%
6 Pickles
88%
5 Mustard
84%
8 Bacon
73%
7 Mayonnaise
47%
9 Mushroom
44%
10 BBQ Sauce
36%
No matching quizzes found
Score Distribution
Percent of People with Each Score
Percentile by Number Answered
Your Score History
You have not taken this quiz